Online
Catalog

Antológica 1954-1994 / (Record no. 42600)

MARC details
000 -CABECERA
campo de control de longitud fija 00722nam a2200229 a 4500
001 - NÚMERO DE CONTROL
campo de control 000043111
005 - FECHA Y HORA DE LA ÚLTIMA TRANSACCIÓN
campo de control 20201002040640.0
008 - DATOS DE LONGITUD FIJA--INFORMACIÓN GENERAL
campo de control de longitud fija 140219s1994 sp ac 001 0 spa d
020 ## - NÚMERO INTERNACIONAL ESTÁNDAR DEL LIBRO
Número Internacional Estándar del Libro 8479471638
040 ## - FUENTE DE LA CATALOGACIÓN
Centro catalogador/agencia de origen DO-SdBNP
Lengua de catalogación spa
Centro/agencia transcriptor BNPHU
082 ## - NÚMERO DE LA CLASIFICACIÓN DECIMAL DEWEY
Número de clasificación 759.46
Número de documento/Ítem V473a
049 ## - FONDOS LOCALES (OCLC)
Fondos de biblioteca BNPD
100 1# - ENTRADA PRINCIPAL--NOMBRE DE PERSONA
Nombre de persona Vera, Cristino de,
Fechas asociadas al nombre 1931-
9 (RLIN) 70645
245 10 - MENCIÓN DE TÍTULO
Título Antológica 1954-1994 /
Mención de responsabilidad, etc. Cristino de Vera.
260 ## - PUBLICACIÓN, DISTRIBUCIÓN, ETC.
Lugar de publicación, distribución, etc. Islas Canarias :
Nombre del editor, distribuidor, etc. Viceconsejería de Cultura y Deportes,
Fecha de publicación, distribución, etc. 1994.
300 ## - DESCRIPCIÓN FÍSICA
Extensión 123 p. :
Otras características físicas il., retrs. ;
Dimensiones 26 cm.
504 ## - NOTA DE BIBLIOGRAFÍA, ETC.
Nota de bibliografía, etc. Bibliografía: p. 119-123.
650 #4 - PUNTO DE ACCESO ADICIONAL DE MATERIA--TÉRMINO DE MATERIA
Término de materia o nombre geográfico como elemento de entrada Pintores españoles
9 (RLIN) 41747
650 #4 - PUNTO DE ACCESO ADICIONAL DE MATERIA--TÉRMINO DE MATERIA
Término de materia o nombre geográfico como elemento de entrada Arte español
9 (RLIN) 70646
650 #4 - PUNTO DE ACCESO ADICIONAL DE MATERIA--TÉRMINO DE MATERIA
Término de materia o nombre geográfico como elemento de entrada Pintura española
9 (RLIN) 8801
910 ## - DATOS DE OPCIÓN DEL USUARIO (OCLC)
Datos de opción del usuario Validado. Control de calidad EMS
Holdings
Estado de retiro Estado de pérdida Restricciones de uso No para préstamo Código de colección Localización permanente Ubicación/localización actual Ubicación en estantería Fecha de adquisición Número de inventario Total de préstamos Signatura topográfica completa Código de barras Fecha visto por última vez Número de copia Precio válido a partir de Tipo de ítem Koha
  Extraviado   Excluido de préstamo Monografías: Libros y Folletos General General Extraviado 11.03.2014 LF1   759.46 V473a 43111-20 25.06.2020 e. 2 25.06.2020 No se presta
      Excluido de préstamo Monografías: Libros y Folletos General General Depósito 19.02.2014 LF1   759.46 V473a 43111-10 25.06.2020   25.06.2020 No se presta

Powered by Koha